LEADER 02540nam 2200613Ia 450 001 9910777060403321 005 20230421044828.0 010 $a0-19-773905-9 010 $a1-280-52746-3 010 $a0-19-535820-1 010 $a1-4294-1547-9 035 $a(CKB)1000000000414118 035 $a(EBL)272915 035 $a(OCoLC)476013270 035 $a(SSID)ssj0000150881 035 $a(PQKBManifestationID)11144516 035 $a(PQKBTitleCode)TC0000150881 035 $a(PQKBWorkID)10317341 035 $a(PQKB)11195063 035 $a(Au-PeEL)EBL272915 035 $a(CaPaEBR)ebr10278829 035 $a(CaONFJC)MIL52746 035 $a(OCoLC)466428546 035 $a(MiAaPQ)EBC272915 035 $a(EXLCZ)991000000000414118 100 $a19960403d1996 uy 0 101 0 $aeng 135 $aur|n|---||||| 181 $ctxt 182 $cc 183 $acr 200 14$aThe evangelical rhetoric of Ramon Llull$b[electronic resource] $elay learning and piety in the Christian West around 1300 /$fMark D. Johnston 210 $aNew York $cOxford University Press$dc1996 215 $a1 online resource (289 p.) 300 $aDescription based upon print version of record. 311 $a0-19-509005-5 320 $aIncludes bibliographical references and index. 327 $aContents; Introduction; 1. Ramon Llull's Art of Arts; 2. Language as Being; 3. Language in Mind; 4. Invention; 5. Beauty in Language; 6. Beauty through Resemblance; 7. Order; 8. Propriety in Speaking; 9. Virtue in Speaking; 10. Llull's Sermons; Conclusion; Notes; Works Cited; Index; A; B; C; D; E; F; G; H; I; J; K; L; M; N; O; P; Q; R; S; T; U; V; W; Y; Z 330 $aThis is a critical analysis of the rhetorical and preaching theories of the 13-century Spanish philosopher and theologian, Ramon Llull. It demonstrates how Llull adapted commonplace ideas of courtly speech and popular sermons in order to create a unitary art of secular and sacred eloquence. 606 $aRhetoric, Medieval 606 $aSpiritual life$xChristianity$xHistory of doctrines$yMiddle Ages, 600-1500 615 0$aRhetoric, Medieval. 615 0$aSpiritual life$xChristianity$xHistory of doctrines 676 $a189.4 676 $a189/.4 676 $a196.1 700 $aJohnston$b Mark D$g(Mark David),$f1952-$01537037 801 0$bMiAaPQ 801 1$bMiAaPQ 801 2$bMiAaPQ 906 $aBOOK 912 $a9910777060403321 996 $aThe evangelical rhetoric of Ramon Llull$93786131 997 $aUNINA LEADER 04348nam 22007935 450 001 9910298512403321 005 20200920013230.0 010 $a3-319-12274-6 024 7 $a10.1007/978-3-319-12274-8 035 $a(CKB)3710000000311660 035 $a(EBL)1965398 035 $a(OCoLC)897466534 035 $a(SSID)ssj0001407891 035 $a(PQKBManifestationID)11888711 035 $a(PQKBTitleCode)TC0001407891 035 $a(PQKBWorkID)11411575 035 $a(PQKB)11622264 035 $a(DE-He213)978-3-319-12274-8 035 $a(MiAaPQ)EBC1965398 035 $a(PPN)183149327 035 $a(EXLCZ)993710000000311660 100 $a20141202d2015 u| 0 101 0 $aeng 135 $aur|n|---||||| 181 $ctxt 182 $cc 183 $acr 200 10$aEvolutionary Governance Theory $eTheory and Applications /$fedited by Raoul Beunen, Kristof Van Assche, Martijn Duineveld 205 $a1st ed. 2015. 210 1$aCham :$cSpringer International Publishing :$cImprint: Springer,$d2015. 215 $a1 online resource (339 p.) 300 $aDescription based upon print version of record. 311 $a3-319-12273-8 320 $aIncludes bibliographical references. 327 $aPart I: Introduction -- Part II: Configurations of Actors and Institutions -- Part III: Configurations of Power/Knowledge -- Part IV: Case Studies -- Part V: Conclusions -- Glossary. 330 $aThis volume presents empirical studies and theoretical reflections on Evolutionary Governance Theory (EGT), its most important concepts and their interrelations. As a novel theory of governance, EGT understands governance as radically evolutionary, which implies that all elements of governance are subject to evolution, that these elements co-evolve and that many of them are the product of governance itself. Through this book we learn how communities understand themselves and their environment and why they create the complex structures and processes we analyze as governance paths. Authors from different disciplines develop the EGT framework further and apply it to a wide range of governance issues that cover topics such as welfare state governance, networks of power, governance of agricultural resources etc. The contributors also reflect on the possibilities and limitations of steering, intervention, management and development in a world continuously in flux. It bridges the gap between more fundamental and philosophical accounts of the social sciences and applied studies, offering theoretical advancement as well as practical recommendations. 606 $aPublic administration 606 $aPolitical science 606 $aCorporate governance 606 $aDevelopment economics 606 $aSociology 606 $aEnvironmental management 606 $aPublic Administration$3https://scigraph.springernature.com/ontologies/product-market-codes/W34030 606 $aPolitical Science$3https://scigraph.springernature.com/ontologies/product-market-codes/911000 606 $aCorporate Governance$3https://scigraph.springernature.com/ontologies/product-market-codes/511020 606 $aDevelopment Economics$3https://scigraph.springernature.com/ontologies/product-market-codes/W42000 606 $aKnowledge - Discourse$3https://scigraph.springernature.com/ontologies/product-market-codes/X22120 606 $aEnvironmental Management$3https://scigraph.springernature.com/ontologies/product-market-codes/U17009 615 0$aPublic administration. 615 0$aPolitical science. 615 0$aCorporate governance. 615 0$aDevelopment economics. 615 0$aSociology. 615 0$aEnvironmental management. 615 14$aPublic Administration. 615 24$aPolitical Science. 615 24$aCorporate Governance. 615 24$aDevelopment Economics. 615 24$aKnowledge - Discourse. 615 24$aEnvironmental Management. 676 $a330 676 $a330.15 702 $aBeunen$b Raoul$4edt$4http://id.loc.gov/vocabulary/relators/edt 702 $aVan Assche$b Kristof$4edt$4http://id.loc.gov/vocabulary/relators/edt 702 $aDuineveld$b Martijn$4edt$4http://id.loc.gov/vocabulary/relators/edt 906 $aBOOK 912 $a9910298512403321 996 $aEvolutionary Governance Theory$92519753 997 $aUNINA